Alabama County Seats - Statistics

General Stats
  • This quiz has been taken 81 times
  • The average score is 43 of 67
Answer Stats
County County Seat % Correct
Jefferson Birmingham
100%
Mobile Mobile
100%
Montgomery Montgomery
97%
Tuscaloosa Tuscaloosa
97%
Houston Dothan
90%
Madison Huntsville
90%
Cullman Cullman
87%
Talladega Talladega
87%
Lee Opelika
84%
Dallas Selma
84%
Morgan Decatur
81%
Jackson Scottsboro
81%
Lauderdale Florence
77%
Marshall Guntersville
77%
Fayette Fayette
74%
Geneva Geneva
74%
Baldwin Bay Minette
71%
Cherokee Centre
71%
DeKalb Fort Payne
71%
Etowah Gadsden
71%
Russell Phenix City
71%
Autauga Prattville
71%
Calhoun Anniston
68%
Limestone Athens
68%
Greene Eutaw
68%
Marion Hamilton
68%
Sumter Livingston
68%
Colbert Tuscumbia
68%
Chilton Clanton
65%
Butler Greenville
65%
Walker Jasper
65%
Monroe Monroeville
65%
Blount Oneonta
65%
Franklin Russellville
65%
Pike Troy
65%
Bibb Centreville
61%
Winston Double Springs
61%
Perry Marion
61%
Lawrence Moulton
61%
St. Clair Ashville/Pell City
58%
Shelby Columbiana
58%
Coffee Elba/Enterprise
58%
Hale Greensboro
58%
Elmore Wetumpka
58%
Covington Andalusia
55%
Escambia Brewton
55%
Cleburne Heflin
55%
Macon Tuskegee
55%
Wilcox Camden
52%
Conecuh Evergreen
52%
Marengo Linden
52%
Crenshaw Luverne
52%
Bullock Union Springs
52%
Clay Ashland
48%
Choctaw Butler
48%
Barbour Clayton
48%
Lowndes Hayneville
48%
Chambers LaFayette
48%
Coosa Rockford
48%
Lamar Vernon
48%
Randolph Wedowee
48%
Henry Abbeville
45%
Pickens Carrollton
45%
Tallapoosa Dadeville
45%
Clarke Grove Hill
45%
Dale Ozark
45%
Washington Chatom
39%
No matching quizzes found
Score Distribution
Percent of People with Each Score
Percentile by Number Answered
Your Score History
You have not taken this quiz